[Event "Ulster Championships 2025"]
[Site "Lisburn Chess Club, United Kingdom"]
[Date "2025.08.25"]
[Round "6.5"]
[White "Hill, Daniel"]
[Black "Brady, John"]
[Result "0-1"]
[WhiteElo "1577"]
[BlackElo "1610"]
[TimeControl "90' + 30\""]
[ePGN "0.1;DGT LiveChess/2.2.7"]
[WhiteFideId "2517744"]
[BlackFideId "2534118"]

1. e4 { [%clk 01:30:57] } 1... e5 { [%clk 01:30:40] } { [%emt 00:00:07] }
2. Nf3 { [%clk 01:31:17] } { [%emt 00:37:25] } 2... Nc6 { [%clk 01:31:01] }
3. d4 { [%clk 01:31:40] } 3... exd4 { [%clk 01:31:23] } 4. Nxd4 { [%clk
01:32:05] } 4... Nf6 { [%clk 01:31:42] } 5. Nxc6 { [%clk 01:31:05] } 5...
bxc6 { [%clk 01:31:04] } 6. Qf3 { [%clk 01:26:37] } 6... Bc5 { [%clk
01:29:34] } 7. Bg5 { [%clk 01:25:06] } 7... Be7 { [%clk 01:23:33] } 8. Bd3
{ [%clk 01:15:44] } 8... O-O { [%clk 01:22:04] } { [%emt 00:00:35] } 9. O-O
{ [%clk 01:13:56] } 9... d5 { [%clk 01:10:29] } { [%emt 00:09:06] } 10. Nd2
{ [%clk 01:08:33] } { [%emt 00:03:58] } 10... h6 { [%clk 01:05:07] } {
[%emt 00:40:38] } 11. Bf4 { [%clk 01:00:09] } 11... Be6 { [%clk 00:57:26] }
12. Nb3 { [%clk 00:53:54] } 12... a5 { [%clk 00:41:33] } { [%emt 00:06:44]
} 13. e5 { [%clk 00:47:52] } { [%emt 00:05:22] } 13... Nd7 { [%clk
00:36:20] } { [%emt 00:08:07] } 14. Nd4 { [%clk 00:45:17] } { [%emt
00:00:40] } 14... c5 { [%clk 00:31:50] } { [%emt 00:04:54] } 15. Nc6 {
[%clk 00:40:47] } { [%emt 00:05:00] } 15... Qe8 { [%clk 00:31:55] } { [%emt
00:01:57] } 16. Bb5 { [%clk 00:32:47] } { [%emt 00:08:18] } 16... Nb8 {
[%clk 00:29:17] } { [%emt 00:03:19] } 17. Nxe7+ { [%clk 00:20:54] } { [%emt
00:16:46] } 17... Qxe7 { [%clk 00:29:42] } 18. Rfd1 { [%clk 00:18:37] }
18... c6 { [%clk 00:25:30] } { [%emt 00:01:42] } 19. Ba4 { [%clk 00:17:02]
} { [%emt 00:02:30] } 19... Qd7 { [%clk 00:23:06] } { [%emt 00:02:29] } 20.
c4 { [%clk 00:13:54] } { [%emt 00:05:31] } 20... Bg4 { [%clk 00:22:02] }
21. Qd3 { [%clk 00:11:57] } { [%emt 00:02:10] } 21... Bxd1 { [%clk
00:21:55] } { [%emt 00:00:34] } 22. Rxd1 { [%clk 00:12:21] } { [%emt
00:00:46] } 22... d4 { [%clk 00:20:44] } { [%emt 00:01:33] } 23. Bc2 {
[%clk 00:12:14] } { [%emt 00:00:23] } 23... g6 { [%clk 00:18:25] } { [%emt
00:02:49] } 24. Bxh6 { [%clk 00:11:25] } { [%emt 00:01:00] } 24... Re8 {
[%clk 00:17:56] } { [%emt 00:02:34] } 25. Re1 { [%clk 00:10:58] } 25... Qe6
{ [%clk 00:15:15] } { [%emt 00:03:05] } 26. f3 { [%clk 00:06:13] } { [%emt
00:04:44] } 26... Nd7 { [%clk 00:14:59] } { [%emt 00:00:53] } 27. Bf4 {
[%clk 00:05:56] } { [%emt 00:00:53] } 27... Nb6 { [%clk 00:14:23] } { [%emt
00:01:20] } 28. b3 { [%clk 00:05:52] } { [%emt 00:00:54] } 28... a4 { [%clk
00:14:02] } { [%emt 00:00:27] } 29. h4 { [%clk 00:05:05] } { [%emt
00:01:29] } 29... axb3 { [%clk 00:10:30] } { [%emt 00:03:35] } 30. Bxb3 {
[%clk 00:04:13] } { [%emt 00:01:14] } 30... Nc8 { [%clk 00:08:56] } { [%emt
00:02:15] } 31. g4 { [%clk 00:02:54] } { [%emt 00:02:15] } 31... Ne7 {
[%clk 00:08:42] } { [%emt 00:00:08] } 32. a4 { [%clk 00:02:09] } { [%emt
00:02:02] } 32... Reb8 { [%clk 00:08:12] } { [%emt 00:00:43] } 33. Bd2 {
[%clk 00:00:45] } { [%emt 00:01:26] } 33... Rb7 { [%clk 00:07:00] } { [%emt
00:01:43] } 34. Bc2 { [%clk 00:00:45] } { [%emt 00:00:27] } 34... Kg7 {
[%clk 00:06:25] } { [%emt 00:01:08] } 35. h5 { [%clk 00:00:48] } { [%emt
00:00:25] } 35... Rh8 { [%clk 00:06:17] } { [%emt 00:00:48] } 36. Bg5 {
[%clk 00:00:37] } { [%emt 00:00:31] } 36... Kf8 { [%clk 00:03:54] } { [%emt
00:03:18] } 37. Bf6 { [%clk 00:00:45] } { [%emt 00:00:09] } 37... Rh7 {
[%clk 00:03:56] } { [%emt 00:00:30] } 38. Bxe7+ { [%clk 00:00:39] } { [%emt
00:01:15] } 38... Kxe7 { [%clk 00:03:54] } 39. hxg6 { [%clk 00:00:57] }
39... fxg6 { [%clk 00:03:40] } { [%emt 00:00:36] } 40. Qxg6 { [%clk
00:01:22] } { [%emt 00:00:21] } 40... Qxg6 { [%clk 00:03:50] } { [%emt
00:00:41] } 41. Bxg6 { [%clk 00:01:49] } 41... Rg7 { [%clk 00:03:46] } {
[%emt 00:00:16] } 42. Be4 { [%clk 00:01:33] } { [%emt 00:00:36] } 42... Rb4
{ [%clk 00:02:52] } { [%emt 00:02:47] } 43. Rc1 { [%clk 00:01:39] } 43...
Rxa4 { [%clk 00:02:54] } 44. Bxc6 { [%clk 00:01:56] } 44... Ra2 { [%clk
00:02:46] } { [%emt 00:00:20] } 45. Rf1 { [%clk 00:00:39] } { [%emt
00:01:52] } 45... Ke6 { [%clk 00:02:53] } { [%emt 00:00:35] } 46. Re1 {
[%clk 00:00:31] } { [%emt 00:00:19] } 46... d3 { [%clk 00:02:38] } { [%emt
00:00:48] } 47. Be4 { [%clk 00:00:38] } { [%emt 00:00:16] } 47... d2 {
[%clk 00:02:33] } { [%emt 00:00:35] } 48. Bf5+ { [%clk 00:00:36] } { [%emt
00:00:30] } 48... Ke7 { [%clk 00:02:25] } { [%emt 00:00:40] } 49. Rd1 {
[%clk 00:00:53] } { [%emt 00:00:42] } 49... Rg8 { [%clk 00:01:31] } { [%emt
00:00:55] } 50. Kf2 { [%clk 00:00:39] } { [%emt 00:00:45] } 50... Rh8 {
[%clk 00:01:17] } { [%emt 00:00:43] } 51. Kg2 { [%clk 00:00:55] } { [%emt
00:00:36] } 51... Rd8 { [%clk 00:01:27] } { [%emt 00:00:06] } 52. Kf2 {
[%clk 00:00:52] } { [%emt 00:00:25] } 52... Ra1 { [%clk 00:01:17] } { [%emt
00:00:40] } 53. Ke2 { [%clk 00:00:36] } { [%emt 00:02:15] } 53... Ra2 {
[%clk 00:01:09] } 54. Bd3 { [%clk 00:00:35] } 54... Rf8 { [%clk 00:01:00] }
{ [%emt 00:00:32] } 55. Be4 { [%clk 00:00:35] } { [%emt 00:00:33] } 55...
Rh8 { [%clk 00:00:54] } { [%emt 00:00:47] } 56. Ke3 { [%clk 00:00:31] } {
[%emt 00:00:15] } 56... Ke6 { [%clk 00:00:37] } { [%emt 00:00:56] } 57. f4
{ [%clk 00:00:43] } { [%emt 00:00:23] } 57... Rh3+ { [%clk 00:00:47] } {
[%emt 00:00:05] } 58. Ke2 { [%clk 00:00:34] } { [%emt 00:00:36] } 58...
Rh2+ { [%clk 00:00:41] } { [%emt 00:00:48] } 59. Ke3 { [%clk 00:00:32] } {
[%emt 00:00:22] } 59... Ra3+ { [%clk 00:00:55] } { [%emt 00:00:21] } 60.
Bd3 { [%clk 00:00:49] } { [%emt 00:00:26] } 60... Rh3+ { [%clk 00:00:59] }
{ [%emt 00:00:09] } 61. Ke2 { [%clk 00:01:09] } { [%emt 00:00:12] } 61...
Raxd3 { [%clk 00:00:50] } { [%emt 00:00:30] } 62. Rxd2 { [%clk 00:01:29] }
{ [%emt 00:00:45] } 62... Rxd2+ { [%clk 00:01:04] } 63. Kxd2 { [%clk
00:01:56] } { [%emt 00:00:15] } 63... Rg3 { [%clk 00:01:06] } { [%emt
00:00:09] } 64. g5 { [%clk 00:02:16] } { [%emt 00:00:03] } 64... Kf5 {
[%clk 00:01:16] } { [%emt 00:00:14] } 0-1

[Event "Ulster Championships 2025"]
[Site "Lisburn Chess Club, United Kingdom"]
[Date "2025.08.25"]
[Round "6.6"]
[White "Haoena, Austin Gu"]
[Black "Armstrong, Chris"]
[Result "0-1"]
[WhiteElo "1408"]
[BlackElo "1664"]
[TimeControl "90' + 30\""]
[ePGN "0.1;DGT LiveChess/2.2.7"]
[WhiteFideId "2529327"]
[BlackFideId "2510340"]

1. e4 { [%clk 01:30:58] } { [%emt 00:01:34] } 1... c6 { [%clk 01:23:46] }
2. d4 { [%clk 01:31:16] } 2... d5 { [%clk 01:23:52] } 3. exd5 { [%clk
01:31:24] } 3... cxd5 { [%clk 01:24:17] } 4. Nc3 { [%clk 01:31:27] } 4...
Nc6 { [%clk 01:23:55] } 5. Nf3 { [%clk 01:31:10] } { [%emt 00:00:05] } 5...
Bg4 { [%clk 01:24:13] } 6. Be3 { [%clk 01:31:10] } 6... e6 { [%clk
01:23:56] } 7. g3 { [%clk 01:30:36] } 7... Bb4 { [%clk 01:23:04] } 8. Bg2 {
[%clk 01:29:26] } 8... Qa5 { [%clk 01:22:57] } 9. Qd2 { [%clk 01:28:42] }
9... Nf6 { [%clk 01:21:31] } 10. O-O { [%clk 01:28:41] } 10... Ne4 { [%clk
01:17:40] } 11. Qe2 { [%clk 01:25:44] } 11... Bxc3 { [%clk 01:13:47] } 12.
bxc3 { [%clk 01:25:43] } 12... Nxc3 { [%emt 00:00:10] } 13. Qd3 { [%clk
01:24:34] } 13... Bf5 { [%clk 01:12:52] } 14. Qd2 { [%clk 01:24:31] } 14...
Ne4 { [%clk 01:12:41] } 15. Qc1 { [%clk 01:23:37] } 15... O-O { [%clk
01:12:19] } { [%emt 00:00:18] } 16. Nh4 { [%clk 01:18:57] } 16... Bg6 {
[%clk 01:12:19] } 17. Nf3 { [%clk 01:17:47] } 17... Rac8 { [%clk 01:12:26]
} 18. Qb2 { [%clk 01:12:03] } 18... Qb4 { [%clk 01:12:34] } 19. Qc1 { [%clk
01:11:18] } 19... Nc3 { [%clk 01:10:19] } { [%emt 00:00:04] } 20. Kh1 {
[%clk 01:10:27] } 20... Na5 { [%clk 01:07:27] } 21. Bd2 { [%clk 01:10:18] }
21... Nc4 { [%clk 01:07:15] } 22. Rb1 { [%clk 01:08:24] } 22... Qxb1 {
[%clk 01:07:04] } { [%emt 00:00:05] } 23. Qxb1 { [%clk 01:04:52] } 23...
Nxb1 { [%clk 01:07:29] } 24. Bb4 { [%clk 01:04:38] } 24... Nba3 { [%clk
00:53:21] } 25. Bxf8 { [%clk 00:59:40] } 25... Kxf8 { [%clk 00:53:44] } 26.
c3 { [%clk 00:58:29] } 26... Be4 { [%clk 00:53:20] } 27. Ng5 { [%clk
00:56:38] } { [%emt 00:00:19] } 27... Bxg2+ { [%clk 00:53:35] } 28. Kxg2 {
[%clk 00:56:55] } 28... h6 { [%clk 00:53:53] } 29. Nf3 { [%clk 00:56:36] }
{ [%emt 00:00:46] } 29... f6 { [%clk 00:53:51] } { [%emt 00:00:48] } 30.
Re1 { [%clk 00:52:52] } { [%emt 00:04:14] } 30... Kf7 { [%clk 00:54:07] } {
[%emt 00:02:58] } 31. Ng1 { [%clk 00:50:57] } 31... Nd6 { [%clk 00:54:13] }
32. Ne2 { [%clk 00:51:06] } { [%emt 00:00:10] } 32... Nab5 { [%clk
00:53:35] } { [%emt 00:40:36] } 33. Rc1 { [%clk 00:48:57] } 33... Rc4 {
[%clk 00:52:13] } 34. f3 { [%clk 00:48:52] } 34... Nf5 { [%clk 00:52:02] }
35. g4 { [%clk 00:47:10] } 35... Nfxd4 { [%clk 00:49:14] } 36. cxd4 { [%clk
00:46:46] } { [%emt 00:00:56] } 36... Rxc1 { [%clk 00:49:38] } 37. Nxc1 {
[%clk 00:45:57] } 37... Nxd4 { [%clk 00:50:04] } 38. Nd3 { [%clk 00:45:19]
} 38... Ke7 { [%clk 00:49:59] } 39. Kf2 { [%clk 00:44:30] } 39... Kd6 {
[%clk 00:50:23] } 40. Ke3 { [%clk 00:43:34] } 40... Nb5 { [%clk 00:49:44] }
0-1